00226nam a2200097Ia 4500008004100000100001400041245002000055250000800075260003700083300000800120191201s2012 xx 000 0 und d aGUPTA, RB 0aMachine Drawing aRep c2012bSatya PrakashanaNEW DELHI a791